000 00742nam a2200205Ii 4500
003 JO-AjNU
008 230605s9999||||xx |||||||||||||| ||und||
017 _a1511
040 _aJO-AjNU
_bara
_erda
_cJO-AjNU
041 _aara
050 1 4 _aQA76.73.PZ.S2588
100 3 _aسماكة ، محمد/ م مشارك رعد خير الله الاسدي,
_eauthor
_917681
245 0 0 _aالبرمجة بلغة باسكال
264 3 1 _aالعراق:وزارة التعليم العالي والبحث العلمي ، د.ت
300 _a44ص
336 _atext
_btxt
_2rdacontent
337 _aunmediated
_bn
_2rdamedia
338 _avolume
_bnc
_2rdacarrier
650 4 _aلغة بيسك-الحاسبات الالكترونية-لغات
_917682
999 _aA5515
_c9083
_d9083